MARCATORI FINALE CHAMPIONS DAL 2000 AD OGGI - Statistics

Statistiche generali
  • Questo quiz è stato fatto 430 volte
  • Il punteggio medio è 44 su 62
Statistiche sulle risposte
SQUADRE SQUADRE MARCATORE RISULTATO % Corretto
MANCHESTER UNITED CHEALSEA RONALDO 1-0
98%
REAL MADRID ATLETICO MADRID RONALDO 4-1
98%
REAL MADRID JUVENTUS RONALDO 1-0
98%
REAL MADRID JUVENTUS RONALDO 3-1
98%
BARCELLONA MANCHESTER UNITED MESSI 2-0
97%
BARCELLONA MANCHESTER UNITED MESSI 2-1
97%
MANCHESTER CITY INTER RODRI 1-0
96%
LIVERPOOL TOTTENHAM SALAH 1-0
94%
REAL MADRID ATLETICO MADRID BALE 2-1
92%
REAL MADRID LIVERPOOL BALE 2-1
92%
REAL MADRID LIVERPOOL BALE 3-1
92%
BARCELLONA JUVENTUS NEYMAR 3-1
92%
REAL MADRID ATLETICO MADRID RAMOS 1-1
92%
REAL MADRID ATLETICO MADRID RAMOS 1-0
92%
BAYERN MONACO BORUSSIA DORTMUND MANDZUKIC 1-0
91%
JUVENTUS REAL MADRID MANDZUKIC 1-1
91%
INTER BAYERN MONACO MILITO 1-0
91%
INTER BAYERN MONACO MILITO 2-0
91%
REAL MADRID LIVERPOOL BENZEMA 1-0
90%
CHEALSEA BAYERN MONACO DROGBA 1-1
90%
MILAN LIVERPOOL INZAGHI 1-0
89%
MILAN LIVERPOOL INZAGHI 2-0
89%
BARCELLONA JUVENTUS SUAREZ 2-1
89%
REAL MADRID LIVERPOOL VINICIUS 1-0
88%
LIVERPOOL MILAN GERRARD 1-3
85%
BAYERN MONACO BORUSSIA DORTMUND ROBBEN 2-1
85%
REAL MADRID JUVENTUS ASENSIO 4-1
84%
CHELSEA MANCHESTER CITY HAVERTZ 1-0
84%
JUVENTUS BARCELLONA MORATA 1-1
83%
BAYERN MONACO PSG COMAN 1-0
82%
LIVERPOOL REAL MADRID MANE 1-1
82%
REAL MADRID JUVENTUS CASEMIRO 2-1
81%
MILAN LIVERPOOL MALDINI 1-0
76%
BARCELLONA JUVENTUS RAKITIC 1-0
76%
LIVERPOOL TOTTENHAM ORIGI 2-0
72%
REAL MADRID BAYER LEVERKUSEN ZIDANE 2-1
71%
MILAN LIVERPOOL CRESPO 2-0
70%
MILAN LIVERPOOL CRESPO 3-0
70%
ATLETICO MADRID REAL MADRID GODIN 1-0
70%
BARCELLONA ARSENAL ETO'O 1-1
69%
BARCELLONA MANCHESTER UNITED ETO'O 1-0
69%
REAL MADRID ATLETICO MADRID MARCELO 3-1
69%
BAYERN MONACO CHEALSEA MULLER 1-0
69%
MANCHESTER UNITED BARCELLONA ROONEY 1-1
68%
BARCELLONA MANCHESTER UNITED VILLA 3-1
63%
CHEALSEA MANCHESTER UNITED LAMPARD 1-1
59%
BARCELLONA MANCHESTER UNITED PEDRO 1-0
59%
BORUSSIA DORTMUND BAYERN MONACO GUNDOGAN 1-1
52%
ATLETICO MADRID REAL MADRID CARRASCO 1-1
51%
LIVERPOOL MILAN ALONSO 3-3
48%
REAL MADRID BAYER LEVERKUSEN RAUL 1-0
47%
PORTO MONACO DECO 2-0
40%
LIVERPOOL MILAN KUYT 1-2
40%
ARSENAL BARCELLONA CAMPBELL 1-0
34%
BARCELLONA ARSENAL BELLETTI 2-1
32%
LIVERPOOL MILAN SMICER 2-3
24%
BAYER LEVERKUSEN REAL MADRID LUCIO 1-1
20%
VALENCIA BAYERN MONACO MENDIETA 1-0
20%
BAYERN MONACO VALENCIA EFFENBERG 1-1
9%
PORTO MONACO ALBERTO 1-0
7%
PORTO MONACO ALENICEV 3-0
7%
MILAN JUVENTUS PAREGGIO 0-0
7%
Nessun quiz corrispondente trovato
Distribuzione punteggi
Percentuale di utenti per punteggio
Percentile per numero di risposta
I tuoi punteggi nel tempo
Non hai fatto questo quiz